LIBRARY & INFORMATION CENTRE, KCAET, TAVANUR

ONLINE PUBLIC ACCESS CATALOGUE (OPAC)

Heat and mass transfer / (Record no. 13127)

MARC details
000 -LEADER
fixed length control field 00308cam a2200133ua 4500
020 ## - INTERNATIONAL STANDARD BOOK NUMBER
ISBN 9788185749907
082 ## - DEWEY DECIMAL CLASSIFICATION NUMBER
Classification number 621.4022
Item number KUM/HE
100 ## - MAIN ENTRY--AUTHOR NAME
Personal name Kumar, D.S .
245 ## - TITLE STATEMENT
Title Heat and mass transfer /
250 ## - EDITION STATEMENT
Edition statement 6 / 7
260 ## - PUBLICATION, DISTRIBUTION, ETC. (IMPRINT)
Place of publication Delhi :
Name of publisher S K Kataria and sons ,
Year of publication 2008.
300 ## - PHYSICAL DESCRIPTION
Number of Pages ; .
942 ## - ADDED ENTRY ELEMENTS (KOHA)
Koha item type Books
Holdings
Withdrawn status Lost status Damaged status Home library Current library Date acquired Full call number Accession Number Koha item type Collection code Shelving location Source of acquisition Cost, normal purchase price
      KAUAET KAUAET 07/04/2012 621.4022 21452 Books        
      KAUAET KAUAET 07/04/2012 621.4022 22133 Books        
      KAUAET KAUAET 30/03/2013 621.4022 KUM/HE 23747 Books Non-fiction General Stacks Calicut Book Distributors 385.00
free website counter